00881cam a2200289 a 450000100090000000300040000900500170001300800410003001000170007102000150008803500230010304000250012604200140015104300120016505000260017710000180020324500330022124600270025426000390028130000330032044000190035352100080037252600090038060000400038965000710042985600910050013985456OSt20140311163202.0050531s2005 nyua j 000 0beng d a 2005298451 a0439703972 a(OCoLC)ocm57469990 aBKLcBKLdOCLCQdDLC alccopycat an-us---00aGV 884.J36b.H37 20051 aHareas, John.10aLeBron James /cJohn Hareas.1 iAt head of title:aNBA aNew York, NY :bScholastic,c2005. a29 p. :bcol. ill. ;c23 cm. 0aNBA reader.n3 aG10 c108010aJames, LeBronvJuvenile literature. 0aBasketball playerszUnited StatesvBiographyvJuvenile literature.423Publisher descriptionuhttp://www.loc.gov/catdir/enhancements/fy1116/2005298451-d.html